000 00909nam a2200289Ia 4500
005 20260324114909.0
008 008 260324s9999 xx 000 0 eng d
020 _a9781003035978
037 _aEBOOK
040 _aCRL
040 _beng
040 _cCRL
041 _2eng
041 _aeng
084 _qCRL
100 _a Ashadi; Joko Priyana; Basikin; Anita Triastuti; Nur Hidayanto Pancoro Setyo Putro
_91152576
245 0 _aTeacher Education and Professional Development In Industry 4.0
245 0 _bProceedings of the 4th International Conference on Teacher Education and Professional Development (InCoTEPD 2019), 13-14 November, 2019, Yogyakarta, Indonesia
260 _bTaylor and Francis
260 _c2020
365 _a
365 _b385
856 _uhttp://www.taylorfrancis.com/books/9781003035978
942 _cEBOOK
999 _c1743046
_d1743046